000 00738nam a2200217Ii 4500
003 JO-AjNU
008 230605s9999||||xx |||||||||||||| ||und||
017 _a1993/5641
020 _a977-211-047-1
040 _aJO-AjNU
_bara
_erda
_cJO-AjNU
041 _aara
050 1 4 _aAC106 1993
100 3 _aالإسكندراني، أيمن,
_eauthor
_919759
245 0 0 _aاختبر معلوماتك الفلكية: ثقافة - متعة- إثارة
264 3 1 _aالقاهرة: مكتبة ابن سينا للنشر والتوزيع والتصدير، 1993
300 _a128ص
336 _atext
_btxt
_2rdacontent
337 _aunmediated
_bn
_2rdamedia
338 _avolume
_bnc
_2rdacarrier
650 4 _aمعلومات عامة
_919760
999 _aA6577
_c10145
_d10145